| Tag |
First Indicator |
Second Indicator |
Subfields |
| LEADER |
00000cam a2200000 4500 |
| 001 |
in00000057941 |
| 005 |
20151008050947.0 |
| 008 |
720530s1943 eng u |
| 010 |
|
|
|a 44000170
|
| 035 |
|
|
|a (OCoLC)00319693
|
| 035 |
|
|
|9 AAG4597AM
|
| 040 |
|
|
|c WBU
|d OCL
|d TXA
|d UtOrBLW
|
| 049 |
|
|
|a TXAM
|c 1 [134233]
|c 2 [229971]
|c 3 [229972]
|
| 050 |
|
0 |
|a BS2410
|b .C69
|
| 092 |
|
|
|a 225.9
|b C886b
|
| 100 |
1 |
|
|a Craig, Clarence Tucker,
|d 1895-1953.
|
| 245 |
1 |
4 |
|a The beginning of Christianity /
|c [by] Clarence Tucker Craig.
|
| 264 |
|
1 |
|a New York,
|a Nashville :
|b Abingdon-Cokesbury Press,
|c [1943]
|
| 300 |
|
|
|a 366 pages ;
|c 23 1/2 cm.
|
| 336 |
|
|
|a text
|b txt
|2 rdacontent
|
| 337 |
|
|
|a unmediated
|b n
|2 rdamedia
|
| 338 |
|
|
|a volume
|b nc
|2 rdacarrier
|
| 504 |
|
|
|a "A brief selected bibliography": pages 343-346.
|
| 630 |
0 |
0 |
|a Bible.
|p New Testament
|x History of Biblical events.
|
| 999 |
|
|
|a MARS
|
| 999 |
f |
f |
|s 6fea66c1-a309-35a3-9966-3feb74615878
|i 440a3842-0850-39d3-84f0-ce187f8bad0b
|t 0
|
| 952 |
f |
f |
|p ric
|a Texas A&M University
|b Rellis Campus
|c Joint Library Facility
|s JLF
|d Remote Storage
|t 0
|e BS2410 .C69
|h Library of Congress classification
|i unmediated -- volume
|m A14800604217
|
| 998 |
f |
f |
|a BS2410 .C69
|t 0
|l Remote Storage
|